Sulabh Sanitation in India : Issues Challenges and Prospects (Record no. 227234)
[ view plain ]
| 000 -LEADER | |
|---|---|
| fixed length control field | 02823nam a22002417a 4500 |
| 005 - DATE AND TIME OF LATEST TRANSACTION | |
| control field | 20230421115939.0 |
| 008 - FIXED-LENGTH DATA ELEMENTS--GENERAL INFORMATION | |
| fixed length control field | 230420b ||||| |||| 00| 0 eng d |
| 020 ## - INTERNATIONAL STANDARD BOOK NUMBER | |
| International Standard Book Number | 9788131611890 |
| 040 ## - CATALOGING SOURCE | |
| Transcribing agency | AL |
| 041 ## - LANGUAGE CODE | |
| Language code of text/sound track or separate title | English |
| 082 ## - DEWEY DECIMAL CLASSIFICATION NUMBER | |
| Edition number | 23 |
| Classification number | 363.720 |
| Item number | SRIS |
| 100 ## - MAIN ENTRY--PERSONAL NAME | |
| Personal name | Sumit Saurabh Srivastava |
| 100 ## - MAIN ENTRY--PERSONAL NAME | |
| 9 (RLIN) | 91535 |
| 245 ## - TITLE STATEMENT | |
| Title | Sulabh Sanitation in India : Issues Challenges and Prospects |
| 260 ## - PUBLICATION, DISTRIBUTION, ETC. | |
| Place of publication, distribution, etc. | Jaipur |
| Name of publisher, distributor, etc. | Rawat Publications |
| Date of publication, distribution, etc. | 2022 |
| 300 ## - PHYSICAL DESCRIPTION | |
| Extent | xx,505 p. |
| Other physical details | HB |
| Dimensions | 25x16 cm. |
| 365 ## - TRADE PRICE | |
| Currency code | ₹ |
| Unit of pricing | ₹1495.00 |
| 520 ## - SUMMARY, ETC. | |
| Summary, etc. | A truly interdisciplinary book, covering sanitation issues across all involved disciplines, it examines the sanitation in the context of a multiplicity of socio-cultural values and law and policy framework in India. The term ‘sanitation’, used in this book refers specifically to the safe excreta disposal and thus is uncoupled from water supply or disposal of household trash/ garbage.<br/>India, home to a billion, faces a huge challenge in the field of sanitation. The reasons are not far to look for; rampant and indiscriminate open defecation and lack of adequate toilet facilities are responsible for such dismissal scenario. The book underlines sanitation and its myriad intersections with caste, class and gender in Indian socio-cultural context and presents a critical description of the State interventions in the field of sanitation, particularly through sanitation policies and Swachh Bharat Mission (SBM). It engages with the Sulabh, a non-profit voluntary social organisation founded in 1970 by Dr Bindeshwar Pathak and its role played in the provision of appropriate sanitation facilities primarily through its ‘two-pit toilet’ technology. Uniquely specific to the Indian socio-cultural milieu is the dehumanising and degrading practice of manual scavenging intricately tied to the sanitation.<br/>The book provides a critical overview of various initiatives taken by both the State and Sulabh International with respect to abolishing manual scavenging. The book not only makes stimulating and wide-ranging reading to the emerging discipline of Sociology of Sanitation in India but is also useful for those engaged in Development Studies, Policy Studies and Social Work.s |
| 521 ## - TARGET AUDIENCE NOTE | |
| Target audience note | CONTENTS<br/>1 Introduction<br/>2 Understanding Sanitation<br/>3 Global Water, Sanitation and Hygiene Initiatives<br/>4 Participatory Sanitation Approaches<br/>5 Toilet: Genesis, History and Typology<br/>6 Manual Scavenging in India<br/>7 Sanitation in India: Issues, Policies and Programmes<br/>8 Swachh Bharat Mission (SBM) 2014<br/>9 Sulabh Sanitation and Social Reform<br/>10 Mahatma Gandhi and Dr Bindeshwar Pathak: Common Goals and Divergent Means |
| 650 ## - SUBJECT ADDED ENTRY--TOPICAL TERM | |
| Topical term or geographic name entry element | Sanitation |
| 9 (RLIN) | 91200 |
| 650 ## - SUBJECT ADDED ENTRY--TOPICAL TERM | |
| Topical term or geographic name entry element | Swachh Bharat Mission |
| 9 (RLIN) | 91201 |
| 700 ## - ADDED ENTRY--PERSONAL NAME | |
| Personal name | SRIVASTAVA (Sumit Saurabh) |
| 9 (RLIN) | 91202 |
| 942 ## - ADDED ENTRY ELEMENTS (KOHA) | |
| Source of classification or shelving scheme | Dewey Decimal Classification |
| Koha item type | Donated Books |
| Withdrawn status | Lost status | Source of classification or shelving scheme | Damaged status | Not for loan | Collection code | Home library | Current library | Date acquired | Cost, normal purchase price | Total Checkouts | Full call number | Barcode | Date last seen | Cost, replacement price | Price effective from | Koha item type | Public note |
|---|---|---|---|---|---|---|---|---|---|---|---|---|---|---|---|---|---|
| Dewey Decimal Classification | Social Work | St Aloysius Library | St Aloysius Library | 04/20/2023 | 1495.00 | 363.720 SRIS | D04887 | 04/20/2023 | 1495.00 | 04/20/2023 | Donated Books | Donated by Richard Pais |